Julián Eymard syn brusiča nožníc (1811-1868)

Bibliographic Details
Main Author: Hünermann, Wilhelm, 1900-1975 (Author)
Other Authors: Vondenová, Mária (Translator)
Format: Book
Language:Slovak
German
Published: Trnava Spolok svätého Vojtecha 2009
Edition:1. vyd.
Series:Dobré slovo
Subjects:

MARC

LEADER 00000cam a2200000 a 4500
001 vtls009940684
003 SK-MaSNL
005 20260301171951.0
008 240314s2009 xo g 000 0bslo
015 |a SNBA2009/12-05969 
020 |a 9788071627623  |q (brož.)  |z 9878071627623 
035 |a 4A8B7F13-FF78-4B07-923C-BF6F0562AF17 
035 |a urn:nbn:sk:snk-amjfdh 
035 |a urn:nbn:sk:snk-am0012y8 
040 |a SNK  |b slo  |c SNK  |e AACR2 
041 1 |a slo  |h ger 
043 |a e-fr--- 
044 |a xo 
072 7 |a 929  |x Biografie  |2 konspekt 
072 7 |a 27  |x Kresťanstvo. Kresťanská cirkev všeobecne. Ekleziológia  |2 konspekt 
080 |a 27-36  |2 2001 
080 |a 27-788-1/-9  |2 2001 
080 |a 27-584  |2 2001 
080 |a (0:82-312.6)  |2 2001 
080 |a 929  |2 2001 
080 |a 27-789.6  |2 2001 
080 |a (44)  |2 2001 
100 1 |a Hünermann, Wilhelm,  |d 1900-1975  |4 aut  |9 11841 
240 1 0 |a Julien Eymard, Der Sohn des Scherenschleifers  |l Slovensky 
245 1 0 |a Julián Eymard  |b syn brusiča nožníc (1811-1868)  |c Wilhelm Hünermann ; [z nemeckého originálu preložila Mária Vondenová] 
250 |a 1. vyd. 
260 |a Trnava  |b Spolok svätého Vojtecha  |c 2009 
300 |a 383 s.  |c 20 cm 
490 1 |a Dobré slovo 
600 0 7 |a Peter Julián Eymard,  |c sv.,  |d 1811-1868  |2 SNKMA  |9 540661 
650 0 7 |a kresťanskí svätci  |2 SNKPH  |9 1605 
650 0 7 |a rehoľný život  |2 SNKPH  |9 67225 
650 0 7 |a duchovný život  |2 SNKPH  |9 1807 
650 0 7 |a rehoľné kongregácie  |2 SNKPH  |9 71016 
650 0 7 |a Christian saints  |2 SNKPHeng  |9 282519 
650 0 7 |a Monastic life  |2 SNKPHeng  |9 302512 
650 0 7 |a Spiritual life  |2 SNKPHeng  |9 265583 
650 0 7 |a Religious congregations  |2 SNKPHeng  |9 239358 
651 7 |a Francúzsko  |2 SNKPH  |9 15907 
655 7 |a biografické romány  |2 SNKPH  |9 1532 
655 7 |a Biographical novels  |2 SNKPHeng  |9 278552 
700 1 |a Vondenová, Mária  |4 trl  |9 540662 
830 0 |a Dobré slovo  |9 277607 
919 |a 978-80-7162-762-3 
958 |a OP 
958 |a NT 
958 |a BC 
968 |b DT  |d 2 
999 |c 832002  |d 833932 
952 |a SNK  |b SNK  |y PREZ  |7 0  |p 17A0634406  |o snkSD 78622  |i snk2009/19118  |8 0  |0 0  |1 0  |4 0  |d 2009-10-22  |l 0  |r 2025-11-26 00:00:00  |w 2026-02-24 
952 |a SNK  |b SNK  |y VYP  |7 0  |p 17A0634407  |o snkSD 78622 D1  |i snk2009/19120  |8 0  |0 0  |1 0  |4 0  |d 2009-10-22  |f 1  |l 0  |r 2017-06-30 00:00:00  |w 2026-02-24